Modele Poloneza - Statystyki

Ogólne statystyki
  • Ten quiz został rozwiązany 39 razy
  • Średni wynik to 4 z 8
Statystyki odpowiedzi
Model % Poprawnych
Caro
97%
Atu
86%
Caro Plus
72%
Atu Plus
69%
Truck
56%
Kombi
31%
Cargo
28%
Hatchback
3%
Nie znaleziono quizów pasujących do podanych kryteriów
Rozkład punktacji
Procent ludzi z każdym wynikiem
Percentyl według liczby udzielonych odpowiedzi
Twoja historia wyników
Nie rozwiązałeś tego quizu